=LDR 00000nam 2200000 4500 =001 INLIS000000000008276 =005 20130612100153 =008 ***********************************Ind** =035 ##$$0010-061300000008276 =041 ##$$a Ind =082 ##$$a 2x0 =090 ##$$a 2x0, Akh i =100 ##$$a Akhtar, Shabbir =245 ##$$a Islam agama semua jaman, islam dan modernitas barat, Shabbir Akhtar penerjemah, Rusdi Djana =260 ##$$a 2002 $b Jakarta =300 ##$$a 374 hlm, 24 cm =650 ##$$a Islam dan modernisasi =700 ##$$a Jana, Rusdi